|
|
|
|
| LEADER |
01242cam a2200325 a 4500 |
| 001 |
35903 |
| 003 |
BD-DhAAL |
| 005 |
20211201121408.0 |
| 008 |
211201t1997 nyu b 001 0 eng |
| 999 |
|
|
|c 43341
|d 43341
|
| 010 |
|
|
|a 96031984
|
| 020 |
|
|
|a 039396924X (pbk.)
|
| 040 |
|
|
|a DLC
|c DLC
|d DLC
|d BD-DhAAL
|
| 050 |
0 |
0 |
|a PR1174
|b .N6 1997
|
| 082 |
0 |
0 |
|a 821.008
|2 20
|
| 245 |
0 |
4 |
|a The Norton anthology of poetry /
|c edited by Margaret Ferguson, Mary Jo Salter, Jon Stallworthy.
|
| 250 |
|
|
|a Shorter Forth edition
|
| 260 |
|
|
|a New York :
|b Norton,
|c c1997.
|
| 300 |
|
|
|a xli, 1217 pages ;
|c 24 cm.
|
| 504 |
|
|
|a Includes bibliographical references (pages 1122) and index.
|
| 526 |
|
|
|a BIED
|
| 541 |
|
|
|a Complimentary copy from BIED
|e 35903
|
| 650 |
|
0 |
|a English poetry.
|9 43429
|
| 650 |
|
0 |
|a American poetry.
|9 43430
|
| 700 |
1 |
|
|a Ferguson, Margaret W.,
|d 1948-
|9 43431
|
| 700 |
1 |
|
|a Salter, Mary Jo.
|9 43432
|
| 700 |
1 |
|
|a Stallworthy, Jon.
|9 43433
|
| 852 |
|
|
|a Ayesha Abed Library
|c BIED Collection
|
| 942 |
|
|
|2 ddc
|c BK
|
| 952 |
|
|
|0 0
|1 0
|2 ddc
|4 0
|6 821_008000000000000_NOR
|7 0
|9 69527
|a BRACUL
|b BRACUL
|c GEN
|d 2021-12-01
|e Complimentary copy from BIED
|l 0
|o 821.008 NOR
|p 3010035903
|r 2021-12-01
|t 1
|w 2021-12-01
|y BK
|x Transferred from BIED to General Stacks
|